[Event "25th European Teams Women"]
[Site "Batumi GEO"]
[Date "2025.10.07"]
[Round "3.5"]
[Board "2"]
[White "Avramidou, Anastasia"]
[Black "Ushenina, Anna"]
[Result "0-1"]
[WhiteTitle "FM"]
[BlackTitle "GM"]
[WhiteElo "2316"]
[BlackElo "2407"]
[WhiteTeam "Greece"]
[BlackTeam "Ukraine"]
[WhiteFideId "4239873"]
[BlackFideId "14110911"]
[EventDate "2025.10.05"]

1. e4 c6 2. d4 d5 3. e5 Bf5 4. Nd2 e6 5. Nb3 Nd7 6. Nf3 a6 7. Be2 c5 8. c3 Rc8
9. O-O Bg6 10. Ne1 Be7 11. f4 h5 12. g3 cxd4 13. cxd4 Qb6 14. Bd2 Nb8 15. Ba5
Qa7 16. h3 Bf5 17. Kg2 Be4+ 18. Bf3 Bxf3+ 19. Qxf3 g6 20. g4 Nh6 21. Bd2 Qb6 22.
Nd3 Qb5 23. Rac1 Rxc1 24. Rxc1 Nc6 25. Ndc5 Bxc5 26. Rxc5 Qa4 27. Rc2 Qxa2 28.
Na5 hxg4 29. hxg4 Qb1 30. Rc1 Qxb2 31. Qc3 Qb5 32. Kf3 Nf5 33. Qc5 Ncxd4+ 0-1

[Event "25th European Teams Women"]
[Site "Batumi GEO"]
[Date "2025.10.07"]
[Round "3.5"]
[Board "3"]
[White "Gaponenko, Inna"]
[Black "Pavlidou, Ekaterini"]
[Result "0-1"]
[WhiteTitle "IM"]
[BlackTitle "WIM"]
[WhiteElo "2340"]
[BlackElo "2217"]
[WhiteTeam "Ukraine"]
[BlackTeam "Greece"]
[WhiteFideId "14101181"]
[BlackFideId "4213262"]
[EventDate "2025.10.05"]

1. e4 c5 2. Nf3 Nc6 3. Nc3 e5 4. Bc4 d6 5. d3 h6 6. Nd2 Nf6 7. Nf1 g6 8. Ne3 Bg7
9. Ncd5 Nxd5 10. Nxd5 Be6 11. O-O O-O 12. c3 Ne7 13. Qb3 Rb8 14. Nxe7+ Qxe7 15.
f4 exf4 16. Bxf4 b5 17. Bxe6 fxe6 18. Bg3 b4 19. Rxf8+ Rxf8 20. Rf1 Rxf1+ 21.
Kxf1 bxc3 22. bxc3 Kh7 23. a4 h5 24. Bf2 Qf6 25. d4 cxd4 26. cxd4 Qf4 27. e5
dxe5 28. dxe5 a6 29. Qxe6 Qxa4 30. Bg3 Qb5+ 31. Kf2 a5 32. Qf7 Qb2+ 33. Kf1 Qb1+
34. Kf2 Qc2+ 35. Kf1 Qd3+ 36. Kf2 Qd4+ 37. Ke1 Qe3+ 38. Kf1 Qd3+ 39. Kf2 Qd4+
40. Ke1 h4 41. Bf4 Qg1+ 42. Ke2 Qxg2+ 43. Ke3 Qg1+ 44. Ke2 Qg2+ 45. Ke3 Qh3+ 46.
Kf2 Qf5 47. e6 Qxf7 48. exf7 Bd4+ 49. Kf3 Kg7 50. Bg5 Kxf7 51. Bxh4 a4 0-1

[Event "25th European Teams Women"]
[Site "Batumi GEO"]
[Date "2025.10.07"]
[Round "3.5"]
[Board "4"]
[White "Christodoulaki, Antonia"]
[Black "Piddubna, Bozhena"]
[Result "0-1"]
[WhiteTitle "WFM"]
[BlackTitle "WFM"]
[WhiteElo "2171"]
[BlackElo "2265"]
[WhiteTeam "Greece"]
[BlackTeam "Ukraine"]
[WhiteFideId "4214935"]
[BlackFideId "34109293"]
[EventDate "2025.10.05"]

1. e4 e5 2. Nf3 Nc6 3. Nc3 Nf6 4. d4 exd4 5. Nxd4 Bb4 6. Nxc6 bxc6 7. Bd3 d5 8.
exd5 O-O 9. O-O Bg4 10. f3 Bh5 11. dxc6 Qd4+ 12. Kh1 Bxc3 13. bxc3 Qxc3 14. Bf4
Qxc6 15. Qe2 Rab8 16. Qe5 Rb7 17. a4 a6 18. Qa5 Ra8 19. Rab1 Bxf3 20. Qg5 h6 21.
Qg3 Nh5 22. Qxf3 Qxf3 23. gxf3 Rxb1 24. Rxb1 Nxf4 25. Rb7 Nxd3 26. cxd3 Rd8 27.
Rxc7 Rxd3 28. Rc6 Rxf3 29. Rxa6 Rf2 30. Kg1 Ra2 31. a5 g6 32. Kh1 h5 33. Kg1 h4
34. h3 Kg7 35. Kh1 Kh6 36. Rf6 Kg7 37. Ra6 f6 38. Ra8 g5 39. a6 Kg6 40. Kg1 Kf5
41. Kf1 Kf4 42. a7 Kg3 43. Rf8 Rxa7 44. Rxf6 Ra1+ 45. Ke2 Ra2+ 46. Ke3 Kxh3 0-1

[Event "25th European Teams Women"]
[Site "Batumi GEO"]
[Date "2025.10.07"]
[Round "3.6"]
[Board "1"]
[White "Khademalsharieh, Sarasadat"]
[Black "Brunello, Marina"]
[Result "1/2-1/2"]
[WhiteTitle "IM"]
[BlackTitle "IM"]
[WhiteElo "2444"]
[BlackElo "2287"]
[WhiteTeam "Spain"]
[BlackTeam "Italy"]
[WhiteFideId "12512214"]
[BlackFideId "822590"]
[EventDate "2025.10.05"]

1. d4 Nf6 2. c4 e6 3. Nf3 b6 4. a3 Ba6 5. Qc2 Bb7 6. Nc3 c5 7. Bf4 cxd4 8. Nxd4
Nc6 9. Nxc6 Bxc6 10. Rd1 Nh5 11. Bc1 a5 12. e4 Bc5 13. Be2 Qh4 14. O-O O-O 15.
Rd3 Nf4 16. Rf3 Nxe2+ 17. Qxe2 f5 18. Rf4 Qf6 19. exf5 exf5 20. Nd5 Bxd5 21.
cxd5 Rae8 22. Qb5 Re7 23. Rf3 Qd6 24. Qd3 Re4 25. Be3 Bxe3 26. Rxe3 Rfe8 27.
Rxe4 Rxe4 28. g3 Qc5 29. Rd1 Qc4 30. Kg2 Kf7 31. Qf3 g6 32. h4 h5 33. Qd3 a4 34.
Qd2 Qe2 35. Qxe2 Rxe2 36. Rd4 Rxb2 37. Rxa4 Rb5 38. Ra6 Rb3 39. a4 Rb2 40. Kf3
Rb4 41. Ke3 Ke7 1/2-1/2

[Event "25th European Teams Women"]
[Site "Batumi GEO"]
[Date "2025.10.07"]
[Round "3.6"]
[Board "2"]
[White "Sedina, Elena"]
[Black "Vega Gutierrez, Sabrina"]
[Result "0-1"]
[WhiteTitle "IM"]
[BlackTitle "IM"]
[WhiteElo "2233"]
[BlackElo "2362"]
[WhiteTeam "Italy"]
[BlackTeam "Spain"]
[WhiteFideId "812153"]
[BlackFideId "2219026"]
[EventDate "2025.10.05"]

1. e4 c5 2. Nf3 e6 3. c3 Nf6 4. e5 Nd5 5. Bc4 d6 6. d4 cxd4 7. cxd4 Be7 8. O-O
O-O 9. Qe2 a6 10. Qe4 Nd7 11. Bxd5 exd5 12. Qxd5 dxe5 13. dxe5 Nc5 14. Nc3 Be6
15. Qxd8 Rfxd8 16. Bg5 Bxg5 17. Nxg5 Bf5 18. Rfd1 Nd3 19. Nge4 b5 20. Nd6 Bg6
21. Nd5 Nxb2 22. Rd4 Kf8 23. Nf4 Nc4 24. Nxg6+ hxg6 25. f4 Nxd6 26. exd6 Rac8
27. a4 Rd7 28. axb5 axb5 29. Rb1 Rc5 30. Rdb4 Rb7 31. Rd4 Ke8 32. Re1+ Kd8 33.
Rde4 Rd5 34. Re8+ Kd7 35. R8e7+ Kc6 36. Rc1+ Kb6 37. Rxb7+ Kxb7 38. Rc7+ Kb6 39.
Rxf7 b4 40. Kf2 b3 41. Rf8 Kb7 42. Re8 b2 43. Re1 Rxd6 44. h4 Kc6 45. Rb1 Rd2+
46. Kf3 Kc5 47. g3 Kc4 48. Kg4 Kc3 49. Kg5 Rd6 50. g4 Kc2 51. Rh1 b1=Q 52. Rxb1
Kxb1 53. f5 gxf5 54. Kxf5 Kc2 55. h5 Kd3 56. Ke5 Ra6 57. g5 Ra5+ 58. Kf4 Kd4 59.
Kg4 Ke5 0-1

[Event "25th European Teams Women"]
[Site "Batumi GEO"]
[Date "2025.10.07"]
[Round "3.6"]
[Board "3"]
[White "Matnadze Bujiashvili, Ann"]
[Black "Zimina, Olga"]
[Result "0-1"]
[WhiteTitle "IM"]
[BlackTitle "IM"]
[WhiteElo "2321"]
[BlackElo "2274"]
[WhiteTeam "Spain"]
[BlackTeam "Italy"]
[WhiteFideId "13601377"]
[BlackFideId "4132190"]
[EventDate "2025.10.05"]

1. d4 Nf6 2. c4 e6 3. Nf3 c5 4. g3 cxd4 5. Nxd4 Nc6 6. Bg2 Qb6 7. Nb5 Bc5 8.
Nd6+ Ke7 9. Nxc8+ Rhxc8 10. O-O Ne5 11. Nc3 Nxc4 12. Na4 Qa6 13. Nxc5 Rxc5 14.
a4 d5 15. b3 Nd6 16. Ba3 Rc3 17. Bb2 Rc7 18. Qd2 Rac8 19. Bxf6+ gxf6 20. Qh6 Nf5
21. Qxh7 Nd4 22. Qh4 Nxe2+ 23. Kh1 Qb6 24. Rae1 Rc2 25. f4 Qxb3 26. g4 Ra2 27.
f5 e5 28. g5 Qc2 29. Bxd5 Rb2 30. Bf3 Nd4 31. gxf6+ Kd6 32. Rd1 Rc4 33. Qh8 Kc7
34. Qh7 Kb6 35. a5+ Kxa5 36. Bd5 Rc5 37. Bxb7 Rxb7 38. Ra1+ Kb6 39. Qh4 Kc7 40.
Qe1 Qc3 41. Qe4 Qc2 42. Qe3 Rb2 43. Qg3 Qe4+ 0-1

[Event "25th European Teams Women"]
[Site "Batumi GEO"]
[Date "2025.10.07"]
[Round "3.6"]
[Board "4"]
[White "Zito, Enrica"]
[Black "Calzetta Ruiz, Monica"]
[Result "1/2-1/2"]
[WhiteTitle "WFM"]
[BlackTitle "WGM"]
[WhiteElo "2045"]
[BlackElo "2221"]
[WhiteTeam "Italy"]
[BlackTeam "Spain"]
[WhiteFideId "2864083"]
[BlackFideId "2204185"]
[EventDate "2025.10.05"]

1. e4 c5 2. Nf3 g6 3. d4 cxd4 4. Nxd4 Nc6 5. c4 Nf6 6. Nc3 d6 7. Be2 Nxd4 8.
Qxd4 Bg7 9. Be3 O-O 10. Qd3 a6 11. O-O Bd7 12. Rfd1 b5 13. cxb5 axb5 14. Nxb5
Bxb5 15. Qxb5 Rb8 16. Qd3 Rxb2 17. e5 Nd5 18. Qxd5 Rxe2 19. Qd3 Rb2 20. exd6
Qxd6 21. Qxd6 exd6 22. a4 Ra8 23. Ra3 d5 24. g3 Rb4 25. a5 Bb2 26. Ra2 d4 27.
Bd2 Bc3 28. Kf1 Rb5 29. Bxc3 dxc3 30. Rc1 Raxa5 31. Rxa5 Rxa5 32. Rxc3 Ra2 1/2-1/2

[Event "25th European Teams Women"]
[Site "Batumi GEO"]
[Date "2025.10.07"]
[Round "3.7"]
[Board "1"]
[White "Unuk, Laura"]
[Black "Injac, Teodora"]
[Result "1-0"]
[WhiteTitle "IM"]
[BlackTitle "IM"]
[WhiteElo "2317"]
[BlackElo "2436"]
[WhiteTeam "Slovenia"]
[BlackTeam "Serbia"]
[WhiteFideId "14609215"]
[BlackFideId "932400"]
[EventDate "2025.10.05"]

1. d4 Nf6 2. c4 e6 3. Nc3 Bb4 4. e3 O-O 5. Bd3 d5 6. cxd5 exd5 7. Ne2 Re8 8. Bd2
Bd6 9. Qc2 a6 10. f3 c5 11. dxc5 Bxc5 12. e4 Nc6 13. Nxd5 Ne5 14. Nxf6+ Qxf6 15.
O-O-O Be6 16. Kb1 Nxd3 17. Qxd3 b5 18. Bc3 Qe7 19. Nd4 Bc4 20. Qd2 f6 21. b3
Bxd4 22. Bxd4 Be6 23. Bb6 Rac8 24. Qd6 Qf7 25. Kb2 Qb7 26. Rc1 Bf7 27. Rhd1 h6
28. Rc7 Rxc7 29. Qxc7 Qxc7 30. Bxc7 Be6 31. Rd6 Bc8 32. Kc3 Kf7 33. Kd4 Re7 34.
Ba5 Rd7 35. Rxd7+ Bxd7 36. Kd5 h5 37. Kd6 Ke8 38. Kc7 Be6 39. Kb7 Kd7 40. Bc3
Kd6 41. Kxa6 Kc6 42. Bd4 Bc8+ 43. Ka5 Be6 44. Kb4 Bc8 45. h3 Bb7 46. g4 hxg4 47.
hxg4 Bc8 48. Bc5 Bd7 49. Bf8 g6 50. Be7 f5 51. exf5 gxf5 52. g5 Kd5 53. f4 Be8
54. Bf6 Kc6 55. a4 bxa4 56. bxa4 Kd5 1-0

[Event "25th European Teams Women"]
[Site "Batumi GEO"]
[Date "2025.10.07"]
[Round "3.7"]
[Board "2"]
[White "Velikic, Adela"]
[Black "Urh, Zala"]
[Result "1/2-1/2"]
[WhiteTitle "WIM"]
[BlackTitle "WIM"]
[WhiteElo "2261"]
[BlackElo "2252"]
[WhiteTeam "Serbia"]
[BlackTeam "Slovenia"]
[WhiteFideId "913553"]
[BlackFideId "14611481"]
[EventDate "2025.10.05"]

1. Nf3 Nf6 2. c4 g6 3. Nc3 Bg7 4. e4 e5 5. Nxe5 O-O 6. Nf3 Re8 7. d3 d5 8. cxd5
Nxd5 9. Bd2 Qd6 10. Nxd5 Qxd5 11. Bc3 c5 12. Be2 Qd6 13. O-O Nc6 14. h3 b6 15.
Re1 Bb7 16. Qa4 Rad8 17. a3 a5 18. Rac1 Re7 19. Bf1 Qe6 20. Qc2 Red7 21. Be2 h5
22. Bf1 Bd4 23. Qd2 Ne5 24. Nxe5 Qxe5 25. Kh1 Ba6 26. f4 Qf6 27. f5 Bxc3 28.
Rxc3 c4 29. fxg6 fxg6 30. e5 Qe6 31. d4 Rxd4 32. Qg5 Rf8 33. b3 b5 34. a4 bxa4
35. Bxc4 Bxc4 36. bxc4 Rf5 37. Qe3 Rxc4 38. Rxc4 Qxc4 39. e6 Rf1+ 40. Rxf1 Qxf1+
41. Kh2 Qf8 42. Qe4 Qe8 43. Qd5 Qb8+ 44. Kh1 Qb1+ 45. Kh2 Qb8+ 46. Kh1 1/2-1/2

[Event "25th European Teams Women"]
[Site "Batumi GEO"]
[Date "2025.10.07"]
[Round "3.7"]
[Board "3"]
[White "Vidic, Teja"]
[Black "Mehmed, Elif"]
[Result "0-1"]
[WhiteTitle "WIM"]
[BlackTitle "WGM"]
[WhiteElo "2119"]
[BlackElo "2295"]
[WhiteTeam "Slovenia"]
[BlackTeam "Serbia"]
[WhiteFideId "14605511"]
[BlackFideId "2921103"]
[EventDate "2025.10.05"]

1. e4 c5 2. Nf3 Nc6 3. Bb5 d6 4. O-O Bd7 5. Re1 Nf6 6. h3 e6 7. c3 Ne5 8. Bxd7+
Qxd7 9. d4 Nxf3+ 10. Qxf3 cxd4 11. cxd4 d5 12. e5 Ng8 13. Bd2 Rc8 14. a4 Ne7 15.
Qb3 Nf5 16. Bc3 Rc4 17. Nd2 Rc6 18. a5 Be7 19. a6 bxa6 20. Ra4 O-O 21. Rea1 Bd8
22. Nf3 Bb6 23. Rxa6 Rfc8 24. Qd1 Rc4 25. Qd3 Qe7 26. g3 h6 27. Kg2 Qb7 28. R6a3
R8c7 29. h4 h5 30. Rd1 Qc6 31. Qd2 Ra4 32. Rda1 Rxa3 33. Rxa3 Rb7 34. Qg5 g6 35.
Qd2 Bd8 36. Qd3 Be7 37. Ra6 Qc8 38. Ra4 Qd7 39. Qa6 Bf8 40. Qa5 Ne7 41. Ra1 Nc6
42. Qa6 Rb6 43. Qd3 Qb7 44. Ng5 Ne7 45. Kh3 Nf5 46. f3 Bb4 47. g4 Ng7 48. Rc1
Rc6 49. Qd2 Qc7 50. Kg2 a5 51. Nh3 Qc8 52. Nf2 a4 53. Nd1 Be7 54. Kh3 Qb7 55.
Qc2 Qb5 56. Nf2 Bb4 57. Nd3 Be7 58. Qd2 Rc4 59. Qd1 Bd8 60. Ra1 Bb6 61. Ne1 Ba5
62. Bxa5 Qxa5 63. b3 hxg4+ 64. Kxg4 Nf5 65. Kh3 Rxd4 66. Qe2 Rxh4+ 67. Kg2 a3
68. Nc2 Qc3 69. Rxa3 Kg7 70. b4 Qb2 71. Ra4 Rc4 0-1

[Event "25th European Teams Women"]
[Site "Batumi GEO"]
[Date "2025.10.07"]
[Round "3.7"]
[Board "4"]
[White "Srdanovic, Jovana"]
[Black "Mihelic, Vesna"]
[Result "1/2-1/2"]
[WhiteTitle "WIM"]
[BlackTitle "WFM"]
[WhiteElo "2198"]
[BlackElo "2127"]
[WhiteTeam "Serbia"]
[BlackTeam "Slovenia"]
[WhiteFideId "954810"]
[BlackFideId "14625520"]
[EventDate "2025.10.05"]

1. d4 d5 2. c4 e6 3. Nf3 Nf6 4. g3 dxc4 5. Qa4+ Nbd7 6. Bg2 a6 7. Qxc4 c5 8. Qb3
cxd4 9. O-O Nc5 10. Qd1 Nce4 11. Nbd2 Nxd2 12. Qxd2 Be7 13. Nxd4 O-O 14. Nb3 Qc7
15. Qa5 Qc4 16. Qe5 Nd7 17. Qe3 Bf6 18. Na5 Qb5 19. Bd2 Qxb2 20. Rab1 Qxa2 21.
Bb4 Rd8 22. Nxb7 Bxb7 23. Bxb7 a5 24. Bxa8 axb4 25. Be4 Rb8 26. Qd3 Ne5 27. Qd6
Rd8 28. Qxb4 Qxe2 29. Qb7 Qh5 30. Rb5 Qe2 31. Rc5 g6 32. Rc2 Qh5 33. Bg2 Kg7 34.
h3 g5 35. f4 gxf4 36. gxf4 Ng6 37. f5 exf5 38. Kh1 Rd3 39. Rc8 Rxh3+ 40. Bxh3
Qxh3+ 41. Kg1 Bd4+ 42. Rf2 Nh4 43. Rg8+ Kxg8 44. Qc8+ Kg7 45. Qf8+ Kg6 46. Qh6+ 1/2-1/2

[Event "25th European Teams Women"]
[Site "Batumi GEO"]
[Date "2025.10.07"]
[Round "3.8"]
[Board "1"]
[White "Houska, Jovanka"]
[Black "Movsesian, Julia"]
[Result "1/2-1/2"]
[WhiteTitle "IM"]
[BlackTitle "WGM"]
[WhiteElo "2342"]
[BlackElo "2220"]
[WhiteTeam "England"]
[BlackTeam "Czech Republic"]
[WhiteFideId "405094"]
[BlackFideId "4139690"]
[EventDate "2025.10.05"]

1. d4 d5 2. c4 e6 3. Nc3 h6 4. e3 Nf6 5. Nf3 Be7 6. b3 O-O 7. Bb2 c5 8. dxc5
Bxc5 9. cxd5 exd5 10. Be2 Nc6 11. O-O a6 12. Qc2 Ba7 13. Rad1 Be6 14. Rd2 Rc8
15. Qd1 Qe7 16. Bd3 Rfd8 17. Bb1 b5 18. h3 b4 19. Ne2 Ne4 20. Bxe4 dxe4 21. Nfd4
Nxd4 22. Nxd4 Bd7 23. Qb1 Re8 24. Rc1 Qg5 25. Rxc8 Bxc8 26. Kf1 Qh4 27. Qc1 Bxh3
28. gxh3 Qxh3+ 29. Ke2 Qh5+ 30. Kf1 Qh1+ 31. Ke2 1/2-1/2

[Event "25th European Teams Women"]
[Site "Batumi GEO"]
[Date "2025.10.07"]
[Round "3.8"]
[Board "2"]
[White "Rodshtein, Tereza"]
[Black "Yao, Lan"]
[Result "0-1"]
[WhiteTitle "WGM"]
[BlackTitle "WGM"]
[WhiteElo "2219"]
[BlackElo "2316"]
[WhiteTeam "Czech Republic"]
[BlackTeam "England"]
[WhiteFideId "325449"]
[BlackFideId "8610835"]
[EventDate "2025.10.05"]

1. e4 c5 2. Nf3 d6 3. d4 cxd4 4. Nxd4 Nf6 5. Nc3 a6 6. a3 e5 7. Nf5 d5 8. Bg5 d4
9. Bxf6 Qxf6 10. Nd5 Qd8 11. Qg4 g6 12. Qg3 Bd6 13. Nxd6+ Qxd6 14. O-O-O Nc6 15.
Qg5 h6 16. Qh4 g5 17. Qg3 Be6 18. Bc4 O-O-O 19. Kb1 Kb8 20. h4 g4 21. h5 f5 22.
f3 Rhg8 23. Qe1 f4 24. Qe2 Qc5 25. Ba2 gxf3 26. gxf3 Rg3 27. Nf6 Bxa2+ 28. Kxa2
Na5 29. Ng4 Rd6 30. Rd3 Rb6 31. Ka1 Qb5 32. Rb1 Rg1 33. b3 Rxb1+ 34. Kxb1 Nc4
35. Ka2 Ne3 36. Nxe3 fxe3 37. Qh2 Ka7 38. f4 exf4 39. Qxf4 Qc5 40. Qh2 Re6 41.
Qg2 Qe5 42. Qe2 Qxe4 43. c3 Rf6 0-1

[Event "25th European Teams Women"]
[Site "Batumi GEO"]
[Date "2025.10.07"]
[Round "3.8"]
[Board "3"]
[White "Mirzoeva, Elmira"]
[Black "Zelbova, Lada"]
[Result "1-0"]
[WhiteTitle "WGM"]
[BlackTitle "WFM"]
[WhiteElo "2300"]
[BlackElo "2169"]
[WhiteTeam "England"]
[BlackTeam "Czech Republic"]
[WhiteFideId "4127951"]
[BlackFideId "23717882"]
[EventDate "2025.10.05"]

1. Nf3 d5 2. e3 c5 3. b3 Nc6 4. Bb2 a6 5. g3 Nf6 6. Bg2 g6 7. c4 Nb4 8. O-O Bf5
9. a3 Nd3 10. Bxf6 exf6 11. cxd5 Be4 12. Nc3 Bxd5 13. Nxd5 Qxd5 14. Ne1 Qd7 15.
Nxd3 Qxd3 16. Bxb7 Rb8 17. Bc6+ Ke7 18. Rc1 Qxb3 19. Qf3 Bg7 20. Bd5 Qxa3 21.
Qe4+ Kd6 22. Bxf7 Rb6 23. Qd5+ Ke7 24. Rxc5 1-0

[Event "25th European Teams Women"]
[Site "Batumi GEO"]
[Date "2025.10.07"]
[Round "3.8"]
[Board "4"]
[White "Lhotska, Anna"]
[Black "Sivanandan, Bodhana"]
[Result "1-0"]
[WhiteTitle "WFM"]
[BlackTitle "WFM"]
[WhiteElo "2165"]
[BlackElo "2205"]
[WhiteTeam "Czech Republic"]
[BlackTeam "England"]
[WhiteFideId "376183"]
[BlackFideId "497592"]
[EventDate "2025.10.05"]

1. e4 c6 2. d4 d5 3. e5 Bf5 4. Bd3 Bxd3 5. Qxd3 Qa5+ 6. c3 e6 7. Ne2 Qa6 8. Qd1
Ne7 9. Nd2 Nf5 10. Nf3 Nd7 11. O-O Be7 12. g4 Nh4 13. Nxh4 Bxh4 14. f4 Be7 15.
f5 Qb6 16. Kh1 c5 17. Rb1 Qc6 18. Nf4 g6 19. b4 cxb4 20. cxb4 Nb6 21. b5 Qd7 22.
Nd3 Nc4 23. Rb3 O-O-O 24. f6 Bf8 25. Rf2 Kb8 26. Rc2 Rc8 27. a4 Na5 28. Rbc3
Rxc3 29. Rxc3 Nc4 30. Qb3 Na5 31. Qc2 Nc4 32. Qb1 Qd8 33. Rb3 Na5 34. Rc3 Nc4
35. Qa1 Qb6 36. Rb3 Na5 37. Rb1 Nc4 38. Kg2 g5 39. Qc3 h5 40. Nb2 Qc7 41. Nxc4
hxg4 42. Bxg5 Rh3 43. Qc2 Qxc4 44. Qxc4 dxc4 45. Rc1 c3 46. Bf4 Rf3 47. Bg3 Bh6
48. Rc2 Rd3 49. Bf2 Bd2 50. Kf1 Kc7 51. Ke2 Rf3 52. Ra2 Bf4 53. Bg1 Rh3 54. Rc2
Kd7 55. Kf1 Ke8 56. Ke2 Kf8 57. Kd1 Kg8 58. Rg2 Kf8 59. Kc2 g3 60. hxg3 Bxg3 61.
Re2 Bf4 62. Rg2 Bd2 63. Rg7 Bh6 64. Rg2 Bd2 65. Rg7 Bh6 66. Rg4 Bd2 67. d5 exd5
68. Bc5+ Ke8 69. e6 fxe6 70. Rg7 Rf3 71. Re7+ Kd8 72. f7 d4 73. Re8+ Kd7 74.
f8=Q d3+ 75. Kb3 Rxf8 76. Rxf8 c2 77. Ba3 c1=Q 78. Rf7+ Kc8 79. Bxc1 Bxc1 80.
Re7 d2 81. Kc2 Kb8 82. Rxe6 b6 83. Rd6 Kc7 84. Rd3 Kb7 85. Kb3 Kc7 86. Kc4 Kb7
87. Kd5 a6 88. Ke6 axb5 89. axb5 Kc7 90. Rd5 Kc8 91. Kd6 Kb7 92. Kd7 Ba3 93.
Rxd2 Bc5 94. Rg2 Bd4 95. Rh2 Bc5 96. Rh7 Bb4 97. Ke6+ Kb8 98. Kd5 Bc5 99. Kc6
Bd4 100. Rb7+ Kc8 101. Rxb6 Bxb6 102. Kxb6 Kb8 103. Kc6 Kc8 104. b6 1-0

[Event "25th European Teams Women"]
[Site "Batumi GEO"]
[Date "2025.10.07"]
[Round "3.9"]
[Board "1"]
[White "Gaal, Zsoka"]
[Black "Kirtadze, Anastasia"]
[Result "1-0"]
[WhiteTitle "WGM"]
[BlackTitle "WFM"]
[WhiteElo "2395"]
[BlackElo "2303"]
[WhiteTeam "Hungary"]
[BlackTeam "Georgia 3"]
[WhiteFideId "777765"]
[BlackFideId "13622714"]
[EventDate "2025.10.05"]

1. d4 Nf6 2. c4 e6 3. Nc3 Bb4 4. e3 O-O 5. Bd3 c5 6. Nf3 Nc6 7. O-O Bxc3 8. bxc3
b6 9. e4 Ne8 10. d5 Na5 11. e5 h6 12. Re1 f5 13. h4 exd5 14. cxd5 c4 15. Bc2 Nc7
16. Ba3 Rf7 17. Qd2 Qe8 18. Rad1 Bb7 19. e6 dxe6 20. dxe6 Rf6 21. e7 Bxf3 22.
gxf3 Qg6+ 23. Kf1 Re8 24. Qf4 Nb5 25. Bb4 Qf7 26. a4 g5 27. hxg5 hxg5 28. Qxg5+
Rg6 29. Qxf5 Qxf5 30. Bxf5 Rf6 31. Be6+ 1-0

[Event "25th European Teams Women"]
[Site "Batumi GEO"]
[Date "2025.10.07"]
[Round "3.9"]
[Board "2"]
[White "Mgeladze, Kesaria"]
[Black "Nomin-Erdene, Davaademberel"]
[Result "0-1"]
[WhiteTitle "WFM"]
[BlackTitle "IM"]
[WhiteElo "2290"]
[BlackElo "2306"]
[WhiteTeam "Georgia 3"]
[BlackTeam "Hungary"]
[WhiteFideId "13621130"]
[BlackFideId "4900782"]
[EventDate "2025.10.05"]

1. e4 e5 2. Nf3 Nc6 3. Bb5 a6 4. Ba4 Nf6 5. O-O b5 6. Bb3 Bb7 7. d3 Bd6 8. a3
O-O 9. Nc3 h6 10. Ne2 Re8 11. Ng3 Bf8 12. Nf5 d5 13. exd5 Nxd5 14. N3h4 Nd4 15.
Qg4 Nxf5 16. Nxf5 Kh8 17. Bd2 Re6 18. Qh4 Qd7 19. Ne3 c6 20. Rae1 Rae8 21. a4
Rg6 22. axb5 Nf4 23. bxa6 Be7 24. Qg3 Rxg3 25. fxg3 Bxa6 26. gxf4 exf4 27. Rxf4
Bf6 28. Bc3 Bxc3 29. bxc3 f6 30. Kf2 Bb7 31. Rd4 Qc8 32. Bf7 Re5 33. Bg6 c5 34.
Rf4 Rg5 35. Rg4 Rxg4 36. Nxg4 Bc6 37. Ne3 Be8 38. Bf5 Qd8 39. Ra1 Qb8 40. Be4
Qf4+ 41. Bf3 Bc6 42. Nf1 g5 43. Ke2 Bxf3+ 44. gxf3 h5 45. Ra5 Qe5+ 46. Kd2 g4
47. fxg4 hxg4 48. Ra4 f5 49. Ng3 f4 50. Nf1 Qg5 51. Ke2 f3+ 52. Kf2 Qh4+ 53. Kg1
Qh3 54. Ne3 f2+ 55. Kxf2 Qf3+ 56. Kg1 Qxe3+ 57. Kg2 Qf3+ 58. Kg1 Qd1+ 59. Kf2 0-1

[Event "25th European Teams Women"]
[Site "Batumi GEO"]
[Date "2025.10.07"]
[Round "3.9"]
[Board "3"]
[White "Papp, Petra"]
[Black "Donghvani, Nia"]
[Result "1/2-1/2"]
[WhiteTitle "WGM"]
[BlackTitle "WFM"]
[WhiteElo "2267"]
[BlackElo "2127"]
[WhiteTeam "Hungary"]
[BlackTeam "Georgia 3"]
[WhiteFideId "739049"]
[BlackFideId "13614649"]
[EventDate "2025.10.05"]

1. e4 c6 2. d4 d5 3. e5 Bf5 4. h4 h5 5. Bd3 Bxd3 6. Qxd3 Qa5+ 7. Nd2 e6 8. Nf3
Ne7 9. O-O Nf5 10. a4 Qa6 11. c4 dxc4 12. Nxc4 Be7 13. b3 Nd7 14. a5 O-O 15. Bg5
Rfe8 16. Rad1 Qb5 17. Qc2 Nf8 18. g3 Rad8 19. Rd3 Qd5 20. Rfd1 Qe4 21. Qd2 Ng6
22. Re1 Qd5 23. Rd1 Qe4 24. Re1 Qd5 25. Rd1 Qe4 1/2-1/2

[Event "25th European Teams Women"]
[Site "Batumi GEO"]
[Date "2025.10.07"]
[Round "3.9"]
[Board "4"]
[White "Lomaia, Diana"]
[Black "Karacsonyi, Kata"]
[Result "1/2-1/2"]
[WhiteTitle "WFM"]
[BlackTitle "WFM"]
[WhiteElo "2071"]
[BlackElo "2195"]
[WhiteTeam "Georgia 3"]
[BlackTeam "Hungary"]
[WhiteFideId "13612476"]
[BlackFideId "769584"]
[EventDate "2025.10.05"]

1. d4 Nf6 2. c4 g6 3. g3 Bg7 4. Bg2 O-O 5. Nc3 d6 6. Nf3 Nbd7 7. O-O e5 8. e4
exd4 9. Nxd4 Re8 10. h3 Nc5 11. Re1 h6 12. Kh2 h5 13. Bf4 h4 14. Qd2 Nh7 15. Bh6
Bxh6 16. Qxh6 Nd3 17. Re2 Ne5 18. b3 c6 19. Qxh4 g5 20. Qh6 Ng6 21. Rd1 Qf6 22.
Red2 Bd7 23. Kg1 Rad8 24. Nde2 Bc8 25. Rd3 a6 26. f4 Nxf4 27. Qxf6 Nxe2+ 28.
Nxe2 Nxf6 29. Rxd6 Rxd6 30. Rxd6 Nxe4 31. Bxe4 Rxe4 32. Rd8+ Kg7 33. Nc3 Re3 34.
Nd1 Re1+ 35. Kf2 Rh1 36. Rxc8 Rxd1 37. Rc7 Rd2+ 38. Kf3 Rxa2 39. Rxb7 Rb2 40.
Rb6 a5 41. Kg4 a4 42. Rxc6 Rxb3 43. Ra6 a3 44. c5 Rc3 45. c6 Kg6 46. c7+ f6 47.
c8=Q Rxc8 48. Rxa3 Rc4+ 49. Kf3 Rb4 1/2-1/2

[Event "25th European Teams Women"]
[Site "Batumi GEO"]
[Date "2025.10.07"]
[Round "3.10"]
[Board "1"]
[White "Repkova, Eva"]
[Black "Roebers, Eline"]
[Result "0-1"]
[WhiteTitle "IM"]
[BlackTitle "IM"]
[WhiteElo "2332"]
[BlackElo "2383"]
[WhiteTeam "Slovakia"]
[BlackTeam "Netherlands"]
[WhiteFideId "14900440"]
[BlackFideId "1058401"]
[EventDate "2025.10.05"]

1. d4 d5 2. Nf3 e6 3. c4 Nf6 4. cxd5 exd5 5. Bf4 Be7 6. e3 Nbd7 7. h3 O-O 8. Bd3
c5 9. Nc3 c4 10. Bb1 b5 11. Nxb5 Qb6 12. Nc7 Rb8 13. Nxd5 Nxd5 14. Bxb8 Qxb8 15.
Qc2 Bb4+ 16. Kf1 N7f6 17. Qxc4 Bc3 18. Bd3 Be6 19. Qa4 Bxb2 20. Re1 Nc3 21. Qa5
Nxa2 22. Qa4 Bb3 23. Qb5 Qxb5 24. Bxb5 Rb8 25. Bd3 Nb4 26. Ke2 Nfd5 27. Ne5 a5
28. Bc4 Nc3+ 29. Kd2 Ne4+ 30. Ke2 Nd5 31. Bd3 Ndc3+ 32. Kf3 Nd2+ 33. Kf4 a4 34.
e4 f6 35. Nc6 Ra8 36. e5 a3 37. e6 a2 38. e7 Re8 39. Nb4 Ba3 40. Nxa2 Bxa2 41.
Ke3 Nc4+ 42. Kf3 Rxe7 43. Rxe7 Bxe7 44. Re1 Nd2+ 45. Ke3 Nd5+ 46. Ke2 Nf4+ 47.
Kd1 Bb3+ 48. Bc2 Kf7 49. g3 Nxh3 50. Re2 Bxc2+ 51. Kxc2 Nc4 52. Kd3 Nd6 53. f4
f5 54. Ke3 Ne4 55. g4 Nc3 56. Rh2 fxg4 0-1